Dawr al-mārkisīyah fī al-ishtirākīyah al-ʻArabīyah, (Record no. 48878)

MARC details
000 -LEADER
fixed length control field 00672cam a22002291 4500
001 - CONTROL NUMBER
control field ne 66000896
003 - CONTROL NUMBER IDENTIFIER
control field DLC
005 - DATE AND TIME OF LATEST TRANSACTION
control field 20260227111823.0
008 - FIXED-LENGTH DATA ELEMENTS--GENERAL INFORMATION
fixed length control field 860207s1965 le 000 0 ara
010 ## - LIBRARY OF CONGRESS CONTROL NUMBER
LC control number ne 66000896
035 ## - SYSTEM CONTROL NUMBER
System control number (OCoLC)13118235
040 ## - CATALOGING SOURCE
Original cataloging agency DLC
Transcribing agency TxU
Modifying agency TxU
-- DLC
042 ## - AUTHENTICATION CODE
Authentication code premarc
050 00 - LIBRARY OF CONGRESS CALL NUMBER
Classification number HX442
Item number .H26
100 1# - MAIN ENTRY--PERSONAL NAME
Personal name Ḥalīq, ʻUmar.
245 10 - TITLE STATEMENT
Title Dawr al-mārkisīyah fī al-ishtirākīyah al-ʻArabīyah,
Statement of responsibility, etc. li-ʻUmar Ḥalīq.
250 ## - EDITION STATEMENT
Edition statement [al-Ṭabʻah 1]
260 ## - PUBLICATION, DISTRIBUTION, ETC.
Place of publication, distribution, etc. [Bayrūt]
Name of publisher, distributor, etc. Dār al-Kitāb al-Jadīd
Date of publication, distribution, etc. [1965]
300 ## - PHYSICAL DESCRIPTION
Extent 123 p.
Dimensions 21 cm.
440 #0 - SERIES STATEMENT/ADDED ENTRY--TITLE
Title Silsilat al-fikr al-ʻArabī,
Volume/sequential designation 4
650 #0 - SUBJECT ADDED ENTRY--TOPICAL TERM
Topical term or geographic name entry element Socialism
Geographic subdivision Arab countries.

No items available.

Powered by Koha